The Europe Project Book

Bibliographic Details
Main Author: Daly, Audrey
Format: Book
Published: London : Watts Books , 1992
Series:Projects Book Series
Subjects:

MARC

LEADER 00000cam a2200000 7i4500
001 0000004211
002 000004528
005 20080125.0
020 |a 0749612762 
090 0 0 |a 030   |b PRO 
100 1 |a Daly, Audrey 
245 1 4 |a The Europe Project Book   |c Audrey Daly ; illustrated by Andrew Warrington 
260 |a London :   |b Watts Books ,   |c 1992 
300 |a 32 p. :   |b ill. ;   |c 28 cm. 
490 0 |a Projects Book Series 
650 0 0 |a Miscellaneous facts   |x Juvenile Literature 
999 |a 037344   |b BUKU   |c JUNIOR BOOKS   |e PERPUSTAKAAN KOMUNITI PETALING JAYA